Les Serradores pirinenques / Manuel Català i Mir, Santiago Guisan i Riera
Descripción Física:
26 p. : il. ; 30 cm
Otros Autores:
Guisan i Riera, Santiago
MARC
| LEADER | 00000nam a2200000Ia 4500 | ||
|---|---|---|---|
| 001 | 1889 | ||
| 008 | 160829s1983 xx 000 0 cat d | ||
| 080 | |a FU-18-16 | ||
| 100 | |a Català i Mir, Manuel |9 36282 | ||
| 245 | |a Les Serradores pirinenques / Manuel Català i Mir, Santiago Guisan i Riera | ||
| 260 | |a Barcelona : |b Diputació de Barcelona. Servei de Parcs Naturals, |c 1983 | ||
| 300 | |a 26 p. : |b il. ; |c 30 cm | ||
| 650 | |a Serradors |x Pirineus |9 36283 | ||
| 650 | |a Boscos i silvicultura |x Pirineus |9 36284 | ||
| 700 | |a Guisan i Riera, Santiago |9 36285 | ||
| 710 | |a Barcelona (Catalunya : Província). |b Servei de Parcs Naturals |9 53492 | ||
| 901 | |a Arxiu | ||
| 942 | |n 1 | ||
| 952 | |0 0 |1 0 |4 0 |6 FU1816 |7 1 |9 47273 |a Arxiu |b Arxiu |d 2016-12-01 |l 0 |o FU-18-16 |p 1889 |r 2016-12-01 00:00:00 |w 2016-12-01 |y ARXIU | ||
| 999 | |c 51070 |d 51070 | ||